| 000 | 00721cam a2200229 4500500 | ||
|---|---|---|---|
| 005 | 20260329010132.0 | ||
| 041 | _afre | ||
| 042 | _adc | ||
| 100 | 1 | 0 |
_aCyrulnik, Boris _eauthor |
| 245 | 0 | 0 | _aPognon sur rue : le regard de Boris Cyrulnik sur un dessin de Sempé |
| 260 | _c2022. | ||
| 500 | _a43 | ||
| 690 | _aBeauté | ||
| 690 | _aBoris Cyrulnik | ||
| 690 | _aInégalités | ||
| 690 | _apaysage | ||
| 690 | _aRiches | ||
| 690 | _aRichesse | ||
| 690 | _aSempé | ||
| 786 | 0 | _nPhilosophie magazine - Hors séries | Hors-série Autome-Hiver 2022 | HS55 | 2022-10-01 | p. 6-6 | 2104-9246 | |
| 856 | 4 | 1 | _uhttps://shs.cairn.info/magazine-philosophie-magazine-2022-hs55-page-6?lang=fr&redirect-ssocas=7080 |
| 999 |
_c1849760 _d1849760 |
||